000 00341nam a2200133Ia 4500
005 20251222153600.0
008 251222s9999||||xx |||||||||||||| ||spa||
082 _a320.985/W55
100 _aWiener Fresco, Raúl
245 0 _aFujimori el Elegido del Pueblo:
250 _a1ra.ed.
264 _bGrafos 100 Editores S.R. Ltda.
942 _cLIB
999 _c31198
_d31198